00909nab a2200229 uc450000100070000000500170000700800410002403500110006503500210007604000130009704100080011010000520011824501870017065000230035765000280038065000270040870000510043570000470048677301170053394200100065099900190066061136920240201162333.0000728e20000301 spa  a611369 a(OCoLC)819838501 ccomduadb aspa10aGarcia Redondo, Maria del Sol4auteaut930970710aComportamiento del acero de baja aleacion SA-508 y del acero al carbono A-410b en las condiciones de operacion y parada del circuito primario de los reactores de agua ligera tipo PWR aCorrosión919065 aAcero al carbono931316 aElectroquímica9202110aCastaño Marin, Maria Luisa4auteaut930970810aGomez Briceño, Dolores4auteaut93097090 tRevista de Metalurgia (Madrid)gVolumen 36, Número 02, Marzo-Abril de 2000, p. 88-99w112428x0034-8570092742 cARIMP c185262d185262